| 000 | 00000nam 2200000zi 4500 |
| 001 | 9.932043 |
| 003 | CaOODSP |
| 005 | 20241120150148 |
| 006 | m o d f |
| 007 | cr |n||||||||| |
| 008 | 231229e19690415qucdab ob f|0| 0 fre d |
| 040 | |aCaOODSP|bfre|erda|cCaOODSP |
| 043 | |an-cn-qu |
| 086 | 1 |aCW66-1496/1969F-PDF |
| 100 | 1 |aCantin, Michel, |d1952- |eauteur. |
| 245 | 10|aÉtudes sur la disponibilité de nourriture pour le jeune canard au Lac St-Pierre : |brapport final / |cpréparé par Michel Cantin. |
| 264 | 1|a[Sainte-Foy, Québec] : |bService canadien de la faune, |cle 15 avril 1969. |
| 300 | |a1 ressource en ligne (46, [1] pages) : |bcartes, graphiques, illustrations |
| 336 | |atexte|btxt|2rdacontent/fre |
| 337 | |ainformatique|bc|2rdamedia/fre |
| 338 | |aressource en ligne|bcr|2rdacarrier/fre |
| 500 | |aÉdition numérisée de l’imprimé [par Environnement et changement climatique Canada]. |
| 504 | |aComprend des références bibliographiques (pages 45-46). |
| 650 | 6|aCanards|xAlimentation|zQuébec (Province)|zSaint-Pierre, Lac. |
| 650 | 0|aDucks|xFood|zQuébec (Province)|zSaint Peter, Lake. |
| 710 | 2 |aService canadien de la faune, |eorganisme de publication. |
| 856 | 40|qPDF|s1.34 Mo|uhttps://publications.gc.ca/collections/collection_2024/eccc/cw66/CW66-1496-1969-fra.pdf |